Statistieken voor Deels Erkende Landen

Klik hier om de quiz te nemen!

Algemene statistieken

  • Deze quiz is 846 keer genomen
  • De gemiddelde score is 7 van 13

Antwoordstatistieken

Mate van erkenningVN-lidJetPunkAntwoord% Correct
Niet erkend door Noord-KoreaJaZuid-Korea
90%
Niet erkend door 28 voornamelijk Islamitische landenJaIsraël
69%
Niet erkend door TurkijeJaCyprus
65%
Erkend door 14 landenNeeTaiwan
64%
Niet erkend door 55 landenObserveerPalestijnse gebieden
62%
Niet erkend door Zuid-Korea, Frankrijk en JapanJaNoord-Korea
59%
Niet erkend door 97 landenNeeKosovo
53%
Niet erkend door de landen die bovenstaand land erkennenJaChina
49%
Niet erkend door PakistanJaArmenië
35%
Alleen erkend door TurkijeNeeNoord-Cyprus
35%
Erkend door 41 voornamelijk Afrikaanse landenNeeWestelijke Sahara
31%
Erkend door Rusland, Nicaragua, Venezuela,
Nauru en Syrië
NeeZuid-Ossetië
22%
Erkend door Rusland, Nicaragua, Venezuela,
Nauru, Syrië en Vanuatu
NeeAbchazië
20%

Scoreverdeling

Percentiel versus Aantal Correcte Antwoorden

Procent van Mensen met Elke Score

Uw Scoregeschiedenis

U heeft deze quiz nog niet genomen